| 000 | 00847nam a2200241Ia 4500 | ||
|---|---|---|---|
| 003 | OSt | ||
| 005 | 20220923221651.0 | ||
| 006 | a|||||r|||| 00| 0 | ||
| 007 | ta | ||
| 008 | 220922b |||||||| |||| 00| 0 hin d | ||
| 024 | _a199,183 | ||
| 037 | _cTextual | ||
| 040 |
_aARTS _cARTS _bhin |
||
| 041 |
_2hin _ahin |
||
| 082 | _aP31vN5, 152L4-;3-;5 | ||
| 100 |
_aमीनाक्षीसुन्दरम, टी0 पी0 _9163971 |
||
| 245 | 0 | _aतमिल भाषा का इतिहास | |
| 246 | _aTamil bhāṣhā kā itihāsa | ||
| 260 |
_aभोपाल _b मध्य प्रदेश ग्रन्थ अकादमी _c1974 |
||
| 300 |
_a280पृ. _ccm. |
||
| 942 |
_hP31vN5, 152L4-;3-;5 _cTEXL _2CC |
||
| 999 |
_c350958 _d350958 |
||